Statistics for Country by letter #20: All countries starting with the letter T

Click here to take the quiz!

General Stats

  • This quiz has been taken 27 times
  • The average score is 10 of 11

Answer Stats

HintAnswer% Correct
North AmericaTrinidad and Tobago
96%
AfricaTanzania
92%
AfricaTogo
92%
AsiaTurkey
92%
OceaniaTonga
88%
AsiaTurkmenistan
88%
OceaniaTuvalu
88%
AsiaTajikistan
85%
AsiaThailand
85%
AfricaTunisia
81%
AsiaTaiwan
73%

Score Distribution

Percentile by Number Answered

Percent of People with Each Score

Your Score History

You have not taken this quiz